Electrical engineering : (Record no. 180237)
[ view plain ]
| 000 -LEADER | |
|---|---|
| fixed length control field | 01126 a2200181 4500 |
| 003 - CONTROL NUMBER IDENTIFIER | |
| control field | Nust |
| 005 - DATE AND TIME OF LATEST TRANSACTION | |
| control field | 20241002175955.0 |
| 040 ## - CATALOGING SOURCE | |
| Transcribing agency | Nust |
| 082 ## - DEWEY DECIMAL CLASSIFICATION NUMBER | |
| Classification number | 621.3,CHR |
| 100 ## - MAIN ENTRY--PERSONAL NAME | |
| Personal name | Christie, Clarence V. |
| 9 (RLIN) | 101238 |
| 245 ## - TITLE STATEMENT | |
| Title | Electrical engineering : |
| Remainder of title | the theory and characteristics of electrical circuits and machinery / |
| Statement of responsibility, etc. | Clarence V. Christie |
| 250 ## - EDITION STATEMENT | |
| Edition statement | 6th ed. |
| 260 ## - PUBLICATION, DISTRIBUTION, ETC. | |
| Place of publication, distribution, etc. | New York |
| Name of publisher, distributor, etc. | Mcgraw Hill |
| Date of publication, distribution, etc. | 1954 |
| 300 ## - PHYSICAL DESCRIPTION | |
| Extent | 675:p |
| 505 ## - FORMATTED CONTENTS NOTE | |
| Formatted contents note | Electrostatics (Page-1), Magnetism and Electro kinetics (Page-51), Electric Circuits (Page-81), Alternating Current Circuits (Page-106), Complex Alternating Current Waves (Page-165), Polyphase Alternating Current Circuits (Page-177), Directs Current Machinery (Page-192), Design of a Direct Current Generator (Page-282), Synchronous Machinery (Page-307), Design of Alternating Current Generators and Motors (Page-390), Transformers (Page-417), Converters (Page-479), Induction Motors (Page-508), Alternating Current Gas Commentator Motors (Page-568), Transmission Systems (Page-580), Symmetrical Components (Page-639). |
| 600 ## - SUBJECT ADDED ENTRY--PERSONAL NAME | |
| Personal name | Clarence v christie |
| 9 (RLIN) | 101239 |
| 942 ## - ADDED ENTRY ELEMENTS (KOHA) | |
| Source of classification or shelving scheme | |
| Koha item type | Book |
| Withdrawn status | Lost status | Source of classification or shelving scheme | Damaged status | Not for loan | Permanent Location | Current Location | Shelving location | Date acquired | Full call number | Barcode | Date last seen | Price effective from | Koha item type | Public note |
|---|---|---|---|---|---|---|---|---|---|---|---|---|---|---|
| Military College of Signals (MCS) | Military College of Signals (MCS) | General Stacks | 12/12/2016 | 621.3,CHR | MCS5434 | 12/08/2016 | 12/12/2016 | Book | Almirah No.28, Shelf No.1 | |||||
| Military College of Signals (MCS) | Military College of Signals (MCS) | General Stacks | 12/12/2016 | 621.3,CHR | MCS5651 | 12/08/2016 | 12/12/2016 | Book | Almirah No.28, Shelf No.1 |
